Roland Garros dernier carré semi finals 2010-2022 - Statistiques

Statistiques générales
  • Ce quiz a été pris 648 fois
  • Le résultat moyen est 44 sur 52
Statistiques - réponses
Année stade de la
compétition
Joueur % Correct
2021 vainqueur Djokovic
100%
2020 finaliste Djokovic
100%
2019 demi finaliste Djokovic
100%
2016 vainqueur Djokovic
100%
2015 finaliste Djokovic
100%
2014 finaliste Djokovic
100%
2013 demi finaliste Djokovic
100%
2012 finaliste Djokovic
100%
2011 demi finaliste Djokovic
100%
2022 vainqueur Nadal
100%
2021 demi finaliste Nadal
100%
2020 vainqueur Nadal
100%
2019 vainqueur Nadal
100%
2018 vainqueur Nadal
100%
2017 vainqueur Nadal
100%
2014 vainqueur Nadal
100%
2013 vainqueur Nadal
100%
2012 vainqueur Nadal
100%
2011 vainqueur Nadal
100%
2010 vainqueur Nadal
100%
2019 demi finaliste Federer
97%
2012 demi finaliste Federer
97%
2011 finaliste Federer
97%
2017 finaliste Wawrinka
91%
2016 demi finaliste Wawrinka
91%
2015 vainqueur Wawrinka
91%
2017 demi finaliste Murray
88%
2016 finaliste Murray
88%
2015 demi finaliste Murray
88%
2014 demi finaliste Murray
88%
2011 demi finaliste Murray
88%
2021 finaliste Tsitsipas
88%
2020 demi finaliste Tsitsipas
88%
2022 finaliste Ruud
87%
2022 demi finaliste Zverev
87%
2021 demi finaliste Zverev
87%
2019 finaliste Thiem
85%
2018 finaliste Thiem
85%
2017 demi finaliste Thiem
85%
2016 demi finaliste Thiem
85%
2015 demi finaliste Tsonga
83%
2013 demi finaliste Tsonga
83%
2013 finaliste Ferrer
75%
2012 demi finaliste Ferrer
75%
2018 demi finaliste Del Potro
62%
2022 demi finaliste Cilic
59%
2010 finaliste Soderling
58%
2010 demi finaliste Berdych
36%
2020 demi finaliste Schwartzman
36%
2018 demi finaliste Cecchinato
26%
2014 demi finaliste Gulbis
17%
2010 demi finaliste Melzer
11%
Aucun quiz correspondant
Distribution des résultats
% des personnes avec chaque résultat
Percentile par nombre de réponses
Votre historique - résultats
Vous n’avez pas pris ce quiz